| 000 | 00623nam a22002417a 4500 | ||
|---|---|---|---|
| 003 | UA-OsUOA | ||
| 001 | 34594 | ||
| 007 | ta | ||
| 008 | 20051015b un ||||| |||| 00| 0 ukr d | ||
| 100 | _aХеррманн Фр.- В. фон. | ||
| 090 |
_a111.1 _bХ39 |
||
| 942 | _cBK | ||
| 040 |
_aUA-OsUOA _brus _cUA-OsUOA _dUA-OsUOA |
||
| 245 | _aФундаментальна онтологія языка | ||
| 300 | _a168 с. | ||
| 955 | _a2 | ||
| 041 | _arus | ||
| 080 | _a111.1 | ||
| 020 | _a985-6614-29-5 | ||
| 260 |
_aМінск _bЕГУ _c2001 |
||
| 650 | 7 |
_a1 Філософські науки _2UDC |
|
| 999 |
_c321021 _d321021 |
||